00451nam a22001697a 450000500170000000800410001702000180005804000210007604100080009708200130010510000270011824500570014525000120020226000340021430000100024865000230025820250904122441.0250904b |||||||| |||| 00| 0 eng d a9788198983480 aIN-DiNCcIN-DiNC deng a809bNEO aNeog, Biswajiteauthor aLiterary criticism-II (Major11)/cby Biswajit Phukan a1st ed. aJorhat:bBidya bhawan,c2025. a248p. aLiterary criticism